La intervención delictiva en los delitos de organización : (Registro nro. 4705)
[ vista simple ]
| 000 -LEADER | |
|---|---|
| fixed length control field | 01139nam a2200253Ia 4500 |
| 003 - CONTROL NUMBER IDENTIFIER | |
| control field | OSt |
| 005 - DATE AND TIME OF LATEST TRANSACTION | |
| control field | 20200811111010.0 |
| 008 - FIXED-LENGTH DATA ELEMENTS--GENERAL INFORMATION | |
| fixed length control field | 191128s2008 c fr 000 0 s d |
| 020 ## - INTERNATIONAL STANDARD BOOK NUMBER | |
| International Standard Book Number | 9789588295817 |
| 040 ## - CATALOGING SOURCE | |
| Original cataloging agency | CO-JMCR |
| Transcribing agency | CO-JMCR |
| 041 0# - LANGUAGE CODE | |
| Language code of text/sound track or separate title | spa |
| 082 04 - DEWEY DECIMAL CLASSIFICATION NUMBER | |
| Classification number | 343.0986 / |
| Item number | O747i |
| Edition number | 23 |
| 100 1# - MAIN ENTRY--PERSONAL NAME | |
| Personal name | Orozco López, Hernán Darío, |
| Relator term | autor |
| 9 (RLIN) | 8563 |
| 245 13 - TITLE STATEMENT | |
| Title | La intervención delictiva en los delitos de organización : |
| Remainder of title | la competencia como criterio fundamental / |
| Statement of responsibility, etc. | Hernán Darío Orozco López |
| 260 ## - PUBLICATION, DISTRIBUTION, ETC. | |
| Place of publication, distribution, etc. | Bogotá : |
| Name of publisher, distributor, etc. | Procuraduría General de la Nación, |
| Date of publication, distribution, etc. | 2008 |
| 300 ## - PHYSICAL DESCRIPTION | |
| Extent | 86 páginas ; |
| Dimensions | 17 cm. |
| 490 0# - SERIES STATEMENT | |
| Series statement | Colección de pensamiento jurídico ; |
| Volume/sequential designation | 27 |
| 504 ## - BIBLIOGRAPHY, ETC. NOTE | |
| Bibliography, etc. note | Bibliografía: páginas 83-86. |
| 505 0# - FORMATTED CONTENTS NOTE | |
| Formatted contents note | Deber negativo y deber positivo: una nueva visión de los fundamentos de la responsabilidad jurídica-penal -- La institución negativa -- Las instituciones positivas -- "La falacia naturista" en el tratamiento de la intervención delictiva |
| 650 14 - SUBJECT ADDED ENTRY--TOPICAL TERM | |
| Topical term or geographic name entry element | Responsabilidad penal |
| Geographic subdivision | Colombia |
| 9 (RLIN) | 8564 |
| 650 14 - SUBJECT ADDED ENTRY--TOPICAL TERM | |
| Topical term or geographic name entry element | Víctimas de delitos |
| Geographic subdivision | Colombia |
| 9 (RLIN) | 8565 |
| 650 14 - SUBJECT ADDED ENTRY--TOPICAL TERM | |
| Topical term or geographic name entry element | Derecho penal |
| Geographic subdivision | Colombia |
| 9 (RLIN) | 8555 |
| 942 ## - ADDED ENTRY ELEMENTS (KOHA) | |
| Source of classification or shelving scheme | Dewey Decimal Classification |
| Koha item type | Books |
| Withdrawn status | Lost status | Source of classification or shelving scheme | Damaged status | Not for loan | Collection code | Home library | Current library | Date acquired | Source of acquisition | Full call number | Barcode | Date last seen | Copy number | Koha item type |
|---|---|---|---|---|---|---|---|---|---|---|---|---|---|---|
| Dewey Decimal Classification | Non-fiction | Biblioteca Pública José María del Castillo y Rada | Biblioteca Pública José María del Castillo y Rada | 12/01/2017 | Donación | 343.0986 / O747i | 230002352 | 05/16/2024 | Ej.1 | Books |